000
00253nam a22001217a 4500
041
_a
ENG
100
_a
Finch.V.C
245
_a
Pump Handhaak
260
_a
Delhi
_b
Deepak Publications
_c
1967
300
_a
202
650
_a
SWCE (06)
856
_u
SWCE (06)
999
_c
2897
_d
2897